ბათუმის შოთა რუსთაველის სახელმწიფო უნივერსიტეტის ბიბლიოთეკა

იან ამოს კომენსკი. Ian Amos Komensky. (ბიბ.ჩანაწერი № 44905)

000 -LEADER
fixed length control field 00800nam a2200217Ia 4500
001 - CONTROL NUMBER
control field 11724
003 - CONTROL NUMBER IDENTIFIER
control field GE_BSU
008 - FIXED-LENGTH DATA ELEMENTS--GENERAL INFORMATION
fixed length control field 181216s||||||||xx |||||||||||||| ||und||
040 ## - CATALOGING SOURCE
Transcribing agency GE_BSU
080 ## - UNIVERSAL DECIMAL CLASSIFICATION NUMBER
Universal Decimal Classification number 37.01(437)(092)
100 ## - MAIN ENTRY--PERSONAL NAME
Personal name ლორთქიფანიძე,დ. Lortkipanidze,D.
245 ## - TITLE STATEMENT
Title იან ამოს კომენსკი. Ian Amos Komensky.
245 ## - TITLE STATEMENT
Statement of responsibility, etc. რედ:გ.ჟორჟოლიანი; მხატვ:შ.ნიორაძე.
260 ## - PUBLICATION, DISTRIBUTION, ETC.
Place of publication, distribution, etc. თბილისი
260 ## - PUBLICATION, DISTRIBUTION, ETC.
Name of publisher, distributor, etc. ცოდნა
260 ## - PUBLICATION, DISTRIBUTION, ETC.
Date of publication, distribution, etc. 1964
300 ## - PHYSICAL DESCRIPTION
Extent 500გვ;22სმ.
300 ## - PHYSICAL DESCRIPTION
Other physical details ბიბლიოგრ.გვ:452 - სახელთა საძიებ.გვ:492
653 ## - INDEX TERM--UNCONTROLLED
Uncontrolled term იან ამოს კომენსკი. Ian Amos Komensky.
942 ## - ADDED ENTRY ELEMENTS (KOHA)
Koha item type წიგნი
ეგზემპლარები
Withdrawn status Lost status Damaged status Not for loan Date acquired Barcode Date last seen Price effective from Koha item type
        2018-12-17 20328 2018-12-17 2018-12-17 წიგნი
        2018-12-17 20330 2018-12-17 2018-12-17 წიგნი